000 00316 a2200157 4500
001 175807
020 _a
040 _cMagnum
100 _aViana Filho, Luis
240 1 0 _aAfranio peixoto
_lpor
245 1 0 _aAfranio peixoto
362 0 _a1899
440 1 _aAgir
697 _aMAGNITO: A/CRONICA
942 _cBK
999 _c175807
_d175807